| 000 | 01151cam a22003254a 4500 | ||
|---|---|---|---|
| 001 | 13117759 | ||
| 003 | OSt | ||
| 005 | 20160915172359.0 | ||
| 008 | 030310s2004 pauab b 001 0 eng | ||
| 010 | _a 2003046061 | ||
| 020 | _a0-8036-0571-4 (alk. paper) | ||
| 040 |
_aDLC _cDLC _dDLC |
||
| 042 | _apcc | ||
| 043 | _an-us--- | ||
| 050 | 0 | 0 |
_aRT86.5 _b.A37 2004 |
| 082 | 0 | 0 |
_aDC 362.173 _22004 _bAi4 |
| 100 | 1 | _aAiken, Tonia D. | |
| 245 | 1 | 0 |
_aLegal, ethical, and political issues in nursing / _cTonia Dandry Aiken. |
| 250 | _asecond edition | ||
| 260 |
_aPhiladelphia, PA : _bF.A. Davis, _cc2004. |
||
| 300 |
_axxii, 458 pages : _billustrations, map ; _c23 cm. |
||
| 365 |
_b2,795.00 _cPhp |
||
| 504 | _aIncludes bibliographical references and index. | ||
| 650 | 0 |
_aNursing _xPolitical aspects _zUnited States. |
|
| 650 | 0 |
_aNursing _xLaw and legislation _zUnited States. |
|
| 650 | 0 |
_aNursing ethics _zUnited States. |
|
| 906 |
_a7 _bcbc _corignew _d1 _eocip _f20 _gy-gencatlg |
||
| 942 |
_2ddc _cDC |
||
| 999 |
_c4529 _d4529 |
||